| 000 -CABECERA |
| Longitud fija campo de control |
00736nam a2200241 a 4500 |
| 001 - NÚMERO DE CONTROL |
| Número de control |
2646 |
| 003 - IDENTIFICADOR DEL NÚMERO DE CONTROL |
| Identificador del número de control |
CDMR |
| 005 - FECHA Y HORA DE LA ÚLTIMA TRANSACCIÓN |
| Fecha y hora de la última transacción |
20131204130324.0 |
| 008 - CÓDIGOS DE INFORMACIÓN DE LONGITUD FIJA |
| Códigos de información de longitud fija |
130130s1979||||||||||||||||||||||||||||d |
| 020 ## - NÚMERO INTERNACIONAL NORMALIZADO PARA LIBROS |
| Número Internacional Normalizado para Libros (ISBN) |
8474320607 |
| 040 ## - FUENTE DE LA CATALOGACIÓN |
| Centro catalogador de origen |
CDMR |
| Lengua de catalogación |
cat |
| Centro transcriptor |
CDMR |
| 100 1# - PUNTO DE ACCESO PRINCIPAL-NOMBRE DE PERSONA |
| Nombre de persona |
Schiller, Herbert Irving |
| 9 (RLIN) |
373 |
| 245 14 - MENCIÓN DE TÍTULO |
| Título |
Los manipuladores de cerebros |
| Mención de responsabilidad, etc. |
por Herbert I. Schiller |
| 260 ## - PUBLICACIÓN, DISTRIBUCIÓN, ETC. (PIE DE IMPRENTA) |
| Lugar de publicación, distribución, etc. |
Barcelona |
| Fecha de publicación, distribución, etc. |
1979 |
| Nombre del editor, distribuidor, etc. |
GEDISA |
| 300 ## - DESCRIPCIÓN FÍSICA |
| Extensión |
237 p. |
| 490 0# - MENCIÓN DE SERIE |
| Mención de serie |
Libertad y Cambio |
| Designación de volumen o secuencia |
27 |
| 490 0# - MENCIÓN DE SERIE |
| Mención de serie |
La Sociedad en Cuestión |
| 650 04 - PUNTO DE ACCESO ADICIONAL DE MATERIA - TÉRMINO DE MATERIA |
| 9 (RLIN) |
2367 |
| Término de materia o nombre geográfico como elemento inicial |
Comunicació |
| Subdivisión de materia general |
Aspectes psicològics |
| 650 04 - PUNTO DE ACCESO ADICIONAL DE MATERIA - TÉRMINO DE MATERIA |
| 9 (RLIN) |
2537 |
| Término de materia o nombre geográfico como elemento inicial |
Opinió pública |
| 650 04 - PUNTO DE ACCESO ADICIONAL DE MATERIA - TÉRMINO DE MATERIA |
| 9 (RLIN) |
4446 |
| Término de materia o nombre geográfico como elemento inicial |
Persuasió (Psicologia) |
| 650 04 - PUNTO DE ACCESO ADICIONAL DE MATERIA - TÉRMINO DE MATERIA |
| 9 (RLIN) |
3267 |
| Término de materia o nombre geográfico como elemento inicial |
Mitjans de comunicació de massa |
| Subdivisión geográfica |
Estats Units d'Amèrica |
| 942 ## - ENTRADA DE ELEMENTOS AGREGADOS (KOHA) |
| Koha [por defecto] tipo de item |
Monografies |
| Fuente de clasificaión o esquema |
|